ბათუმის შოთა რუსთაველის სახელმწიფო უნივერსიტეტის ბიბლიოთეკა

Business research methods./ (ბიბ.ჩანაწერი № 58756)

000 -LEADER
fixed length control field 02053cam a22004095i 4500
001 - CONTROL NUMBER
control field 22332129
005 - DATE AND TIME OF LATEST TRANSACTION
control field 20221105190309.0
008 - FIXED-LENGTH DATA ELEMENTS--GENERAL INFORMATION
fixed length control field 211202s2022 enka b 001 0 eng d
020 ## - INTERNATIONAL STANDARD BOOK NUMBER
International Standard Book Number X9780198869443X
042 ## - AUTHENTICATION CODE
Authentication code lccopycat
080 ## - UNIVERSAL DECIMAL CLASSIFICATION NUMBER
Universal Decimal Classification number 338.22 B-91
100 1# - MAIN ENTRY--PERSONAL NAME
Personal name Bell, Emma,
Dates associated with a name 1968-
Relator term author.
9 (RLIN) 14416
245 10 - TITLE STATEMENT
Title Business research methods./
Statement of responsibility, etc. Emma Bell, Alan Bryman, Bill Harley, .
250 ## - EDITION STATEMENT
Edition statement Sixth edition
264 #1 - PRODUCTION, PUBLICATION, DISTRIBUTION, MANUFACTURE, AND COPYRIGHT NOTICE
Place of production, publication, distribution, manufacture Oxford :
Name of producer, publisher, distributor, manufacturer Oxford University Press,
Date of production, publication, distribution, manufacture, or copyright notice 2022.
300 ## - PHYSICAL DESCRIPTION
Extent xl, 647 pages :
Other physical details illustrations (black and white, and colour) ;
Dimensions 27 cm
336 ## - CONTENT TYPE
Content type term text
Source rdacontent
336 ## - CONTENT TYPE
Content type term still image
Source rdacontent
337 ## - MEDIA TYPE
Media type term unmediated
Source rdamedia
338 ## - CARRIER TYPE
Carrier type term volume
Source rdacarrier
500 ## - GENERAL NOTE
General note Previous edition: 2019.
504 ## - BIBLIOGRAPHY, ETC. NOTE
Bibliography, etc. note Includes bibliographical references and indexes.
520 8# - SUMMARY, ETC.
Summary, etc. Developed specifically with business and management students in mind, this textbook explores the nature and purpose of business research and the issues it entails, while also providing students with practical advice through 'tips and skills' boxes. In addition to a broad range of relevant examples, it features a substantial discussion of ethics, and a strong emphasis on the most frequent challenges faced by students, such as choosing a research question, planning a project, and writing it up.
650 #0 - SUBJECT ADDED ENTRY--TOPICAL TERM
Topical term or geographic name entry element Business
General subdivision Research
-- Methodology.
9 (RLIN) 14417
650 #6 - SUBJECT ADDED ENTRY--TOPICAL TERM
Topical term or geographic name entry element Affaires
General subdivision Recherche
-- Méthodologie.
9 (RLIN) 14418
650 #7 - SUBJECT ADDED ENTRY--TOPICAL TERM
Topical term or geographic name entry element Business and Management.
Source of heading or term eflch
9 (RLIN) 9650
650 #7 - SUBJECT ADDED ENTRY--TOPICAL TERM
Topical term or geographic name entry element Business
General subdivision Research
-- Methodology.
Source of heading or term fast
Authority record control number or standard number (OCoLC)fst00842375
9 (RLIN) 14417
650 #7 - SUBJECT ADDED ENTRY--TOPICAL TERM
Topical term or geographic name entry element Business and Management.
Source of heading or term ukslc
9 (RLIN) 9650
650 #7 - SUBJECT ADDED ENTRY--TOPICAL TERM
Topical term or geographic name entry element ბიზნეს კვლევის მეთოდები
9 (RLIN) 14419
650 #7 - SUBJECT ADDED ENTRY--TOPICAL TERM
Topical term or geographic name entry element ეკონომიკა
9 (RLIN) 14379
700 1# - ADDED ENTRY--PERSONAL NAME
Personal name Bryman, Alan,
Relator term author.
9 (RLIN) 14420
700 1# - ADDED ENTRY--PERSONAL NAME
Personal name Harley, Bill,
Relator term author.
9 (RLIN) 14421
906 ## - LOCAL DATA ELEMENT F, LDF (RLIN)
a 0
b ibc
c copycat
d 2
e ncip
f 20
g y-gencatlg
942 ## - ADDED ENTRY ELEMENTS (KOHA)
Source of classification or shelving scheme
Koha item type წიგნი
ეგზემპლარები
Withdrawn status Lost status Source of classification or shelving scheme Damaged status Not for loan Permanent Location Current Location Shelving location Date acquired Cost, normal purchase price Full call number Barcode Date last seen Copy number Price effective from Koha item type Public note
          ბათუმის შოთა რუსთაველის სახელმწიფო უნივერსიტეტის მთავარი ბიბლიოთეკა ბათუმის შოთა რუსთაველის სახელმწიფო უნივერსიტეტის მთავარი ბიბლიოთეკა წიგნსაცავი 2022-07-14 242.00 338.22 B-91 62990 2022-07-14 62990 2022-07-14 წიგნი 242gel.